[Event "RE-2022-0-00230"]
[Site "LSS email"]
[Date "2022.11.19"]
[Round "?"]
[White "Casas, Enrique"]
[Black "Plummer, Martin"]
[Result "1-0"]
[WhiteElo "1283"]
[BlackElo "1203"]
[PlyCount "49"]
[EventDate "2020.12.25"]
[EventType "tourn (corr)"]
[EventRounds "6"]
[EventCountry "GER"]
[SourceTitle "Corr 2024"]
[Source "ChessBase"]
[SourceDate "2023.10.19"]
[SourceVersion "1"]
[SourceVersionDate "2023.10.19"]
[SourceQuality "1"]

1. d4 g6 2. c4 Bg7 3. g3 c6 4. Bg2 d5 5. cxd5 cxd5 6. Nf3 Nf6 7. 0-0 0-0 8. Nc3 e6 9. e3 a6 10. Ne5 Nc6 11. Nd3 b6 12. b3 Bb7 13. Ba3 Re8 14. Rc1 Rc8 15. Re1 Qd7 16. Nf4 Na7 17. Na4 Rxc1 18. Qxc1 Qd8 19. Re2 Nb5 20. Bb2 Nd6 21. Rc2 b5 22. Nc5 Qa8 23. Nfd3 Rc8 24. Bc3 a5 25. a3 1-0

[Event "OP-2022-0-05311"]
[Site "LSS email"]
[Date "2022.07.27"]
[Round "?"]
[White "Davies, Mike"]
[Black "Plummer, Martin"]
[Result "1-0"]
[WhiteElo "800"]
[BlackElo "1170"]
[PlyCount "33"]
[EventDate "2022.07.15"]
[EventType "tourn (corr)"]
[EventRounds "4"]
[EventCountry "GER"]
[SourceTitle "Corr 2024"]
[Source "ChessBase"]
[SourceDate "2023.10.19"]
[SourceVersion "1"]
[SourceVersionDate "2023.10.19"]
[SourceQuality "1"]

1. d4 e6 2. c4 c5 3. d5 exd5 4. cxd5 d6 5. Nc3 Bf5 6. e4 Bg6 7. f4 h6 8. Nf3 Nd7 9. Bd3 Be7 10. e5 Bxd3 11. Qxd3 a6 12. 0-0 Qb6 13. Be3 Qc7 14. Ne4 f5 15. Nxd6+ Bxd6 16. Qxf5 0-0-0 17. Rac1 1-0

[Event "OP-2022-0-05311"]
[Site "LSS email"]
[Date "2022.07.26"]
[Round "?"]
[White "Plummer, Martin"]
[Black "Vega Arizaga, Liam"]
[Result "1-0"]
[WhiteElo "1170"]
[BlackElo "800"]
[PlyCount "34"]
[EventDate "2022.07.15"]
[EventType "tourn (corr)"]
[EventRounds "4"]
[EventCountry "GER"]
[SourceTitle "Corr 2024"]
[Source "ChessBase"]
[SourceDate "2023.10.19"]
[SourceVersion "1"]
[SourceVersionDate "2023.10.19"]
[SourceQuality "1"]

1. e4 e6 2. Nf3 d5 3. e5 c5 4. c3 c4 5. b3 cxb3 6. Qxb3 Nc6 7. d4 Nge7 8. Be2 Qb6 9. Qxb6 axb6 10. 0-0 Ng6 11. g3 Be7 12. Be3 Na5 13. Nbd2 Bd7 14. Rfb1 Nc4 15. Nxc4 dxc4 16. Rxb6 Bc6 17. Bxc4 Bxf3 1-0

[Event "LSS No Engine Cup 222 Preliminary 0"]
[Site "LSS email"]
[Date "2021.10.23"]
[Round "?"]
[White "Huber, Karl"]
[Black "Plummer, Martin"]
[Result "1-0"]
[WhiteElo "1989"]
[BlackElo "1451"]
[PlyCount "43"]
[EventDate "2021.10.23"]
[EventType "tourn (corr)"]
[EventRounds "6"]
[EventCountry "GER"]
[SourceTitle "Corr 2024"]
[Source "ChessBase"]
[SourceDate "2023.10.19"]
[SourceVersion "1"]
[SourceVersionDate "2023.10.19"]
[SourceQuality "1"]

1. e4 c5 2. Nf3 Nc6 3. d4 cxd4 4. Nxd4 a6 5. c4 g6 6. Nc3 Bg7 7. Be3 d6 8. h3 Nf6 9. Be2 0-0 10. 0-0 Nxd4 11. Bxd4 Bd7 12. Qc2 Bc6 13. Rfd1 Qc7 14. b4 Rfb8 15. a4 h5 16. a5 Nd7 17. Bxg7 Kxg7 18. b5 axb5 19. cxb5 Bxe4 20. Qb2 f6 21. Nxe4 Rxa5 22. b6 1-0

[Event "LSS No Engine Cup 222 Preliminary 0"]
[Site "LSS email"]
[Date "2021.10.23"]
[Round "?"]
[White "Plummer, Martin"]
[Black "Daniel, Lucas"]
[Result "1-0"]
[WhiteElo "1451"]
[BlackElo "1600"]
[PlyCount "45"]
[EventDate "2021.10.23"]
[EventType "tourn (corr)"]
[EventRounds "6"]
[EventCountry "GER"]
[SourceTitle "Corr 2024"]
[Source "ChessBase"]
[SourceDate "2023.10.19"]
[SourceVersion "1"]
[SourceVersionDate "2023.10.19"]
[SourceQuality "1"]

1. e4 e5 2. Nf3 Nf6 3. Nc3 Nc6 4. Bc4 Bb4 5. d3 Nd4 6. 0-0 Nxf3+ 7. Qxf3 Bxc3 8. bxc3 0-0 9. Qg3 c6 10. Qxe5 Re8 11. Qg3 g6 12. Bg5 Qe7 13. Qh4 Kg7 14. Qh6+ Kg8 15. Qh4 Kg7 16. Rae1 d6 17. d4 h5 18. e5 dxe5 19. dxe5 Kh7 20. Bxf6 Qc5 21. Bd3 Qxc3 22. Qxh5+ Kg8 23. Qh8# 1-0

[Event "LSS SF-2021-0-00508"]
[Site "LSS email"]
[Date "2021.07.13"]
[Round "?"]
[White "Shim Ng Min, Francis"]
[Black "Plummer, Martin"]
[Result "1/2-1/2"]
[WhiteElo "1132"]
[BlackElo "1194"]
[PlyCount "34"]
[EventDate "2021.01.16"]
[EventType "tourn (corr)"]
[EventRounds "6"]
[EventCountry "GER"]
[SourceTitle "Corr 2024"]
[Source "ChessBase"]
[SourceDate "2023.10.19"]
[SourceVersion "1"]
[SourceVersionDate "2023.10.19"]
[SourceQuality "1"]

1. e4 c5 2. Nf3 Nc6 3. d4 cxd4 4. Nxd4 g6 5. c4 Bg7 6. Be3 e6 7. Nc3 Nge7 8. Be2 0-0 9. 0-0 d5 10. exd5 exd5 11. cxd5 Nxd4 12. Bxd4 Bf5 13. Bxg7 Kxg7 14. d6 Nc6 15. Bg4 Bxg4 16. Qxg4 Qxd6 17. Rfd1 Qb4 1/2-1/2

[Event "LSS SF-2021-0-00508"]
[Site "LSS email"]
[Date "2021.07.13"]
[Round "?"]
[White "Wilshusen, Horst"]
[Black "Plummer, Martin"]
[Result "0-1"]
[WhiteElo "1036"]
[BlackElo "1194"]
[PlyCount "56"]
[EventDate "2021.01.16"]
[EventType "tourn (corr)"]
[EventRounds "6"]
[EventCountry "GER"]
[SourceTitle "Corr 2024"]
[Source "ChessBase"]
[SourceDate "2023.10.19"]
[SourceVersion "1"]
[SourceVersionDate "2023.10.19"]
[SourceQuality "1"]

1. e4 c5 2. Nc3 Nc6 3. g3 g6 4. Bg2 Bg7 5. d3 e6 6. f4 Nge7 7. Nf3 0-0 8. 0-0 Nd4 9. Ne2 Nxf3+ 10. Bxf3 Nc6 11. c3 b6 12. Be3 Bb7 13. g4 Ne7 14. Ng3 Kh8 15. f5 exf5 16. gxf5 gxf5 17. exf5 Bxf3 18. Qxf3 f6 19. Nh5 Rg8 20. Kf2 d5 21. Rg1 Qd7 22. Ng3 Qb5 23. Qe2 Rae8 24. Qd2 Qd7 25. Ke2 Nxf5 26. Nxf5 Qxf5 27. Raf1 Qh5+ 28. Ke1 d4 0-1

[Event "SE-2021-0-00329"]
[Site "LSS email"]
[Date "2021.07.08"]
[Round "?"]
[White "Plummer, Martin"]
[Black "Huber, Karl"]
[Result "0-1"]
[WhiteElo "1194"]
[BlackElo "1252"]
[PlyCount "58"]
[EventDate "2021.02.26"]
[EventType "tourn (corr)"]
[EventRounds "6"]
[EventCountry "GER"]
[SourceTitle "Corr 2024"]
[Source "ChessBase"]
[SourceDate "2023.10.19"]
[SourceVersion "1"]
[SourceVersionDate "2023.10.19"]
[SourceQuality "1"]

1. e4 e6 2. d4 d5 3. e5 c5 4. c3 Qc7 5. Nf3 Bd7 6. Be2 a6 7. 0-0 Nc6 8. b3 Nge7 9. Na3 cxd4 10. cxd4 Rc8 11. Bb2 Nf5 12. Nc2 Nxe5 13. Ne3 Nxf3+ 14. Bxf3 Nxe3 15. fxe3 Bc6 16. Rc1 Bd6 17. h3 0-0 18. Rf2 f5 19. Rfc2 g5 20. Qe2 Qe7 21. Qe1 Rf6 22. g4 Rcf8 23. Qe2 fxg4 24. Bxg4 Bb5 25. Qg2 Bd3 26. Rc8 Be4 27. Rxf8+ Qxf8 28. Qe2 Bg3 29. Rf1 Rxf1+ 0-1

[Event "OP-2021-0-05097"]
[Site "LSS email"]
[Date "2021.02.08"]
[Round "?"]
[White "Vlasov, Aleksandr"]
[Black "Plummer, Martin"]
[Result "1/2-1/2"]
[WhiteElo "1154"]
[BlackElo "1159"]
[PlyCount "133"]
[EventDate "2021.02.08"]
[EventType "tourn (corr)"]
[EventRounds "4"]
[EventCountry "GER"]
[SourceTitle "Corr 2024"]
[Source "ChessBase"]
[SourceDate "2023.10.19"]
[SourceVersion "1"]
[SourceVersionDate "2023.10.19"]
[SourceQuality "1"]

1. b3 b6 2. Bb2 Bb7 3. Nf3 e6 4. Nc3 d5 5. d4 Nf6 6. e3 Nbd7 7. Be2 Bd6 8. Nb5 Bb4+ 9. c3 Be7 10. Na3 Ne4 11. Rc1 a6 12. 0-0 0-0 13. Nb1 Bf6 14. Nbd2 Nxd2 15. Nxd2 c5 16. f4 cxd4 17. exd4 Be7 18. Nf3 b5 19. Bd3 Qb6 20. Qc2 g6 21. b4 Bf6 22. Kh1 Bg7 23. Rfe1 Rac8 24. Qe2 Qd6 25. Ne5 Nb6 26. g3 Rc7 27. Kg1 Rfc8 28. Qd2 Na4 29. Ba1 Qb6 30. Kg2 h5 31. h3 a5 32. a3 axb4 33. axb4 Bc6 34. Kh2 Bd7 35. h4 Qd6 36. Kg2 Nb6 37. Qe2 Nc4 38. g4 hxg4 39. Qxg4 Nxe5 40. fxe5 Qe7 41. h5 Be8 42. hxg6 fxg6 43. Bxg6 Bxg6 44. Qxg6 Qf7 45. Qg4 Qf5 46. Qxf5 exf5 47. Rf1 Rf7 48. Bb2 Bh6 49. Rcd1 Rc6 50. Kf3 Kf8 51. Rh1 Ke7 52. Ra1 Bd2 53. Ra3 Kf8 54. Ke2 Bg5 55. Rh8+ Kg7 56. Raa8 Kg6 57. Rag8+ Rg7 58. Rxg7+ Kxg7 59. Rb8 Rh6 60. Rb7+ Kf8 61. Kf3 Rh2 62. Rxb5 Rxb2 63. Rxd5 Rb3 64. Rc5 Bd2 65. d5 Bxc3 66. Kf4 Bxe5+ 67. Kxe5 1/2-1/2

[Event "RN-2019-0-01575"]
[Site "LSS email"]
[Date "2019.11.05"]
[Round "?"]
[White "Ducharme, Steven"]
[Black "Plummer, Martin"]
[Result "0-1"]
[WhiteElo "770"]
[BlackElo "1145"]
[PlyCount "52"]
[EventDate "2019.10.17"]
[EventType "tourn (corr)"]
[EventRounds "6"]
[EventCountry "GER"]
[SourceTitle "Corr 2022"]
[Source "ChessBase"]
[SourceDate "2021.10.24"]
[SourceVersion "1"]
[SourceVersionDate "2021.10.24"]
[SourceQuality "1"]

1. Nf3 c5 2. g3 Nc6 3. Bg2 Nf6 4. 0-0 g6 5. b3 Bg7 6. Bb2 d5 7. d3 0-0 8. Nbd2 e6 9. a3 Bd7 10. e4 dxe4 11. Nxe4 Nxe4 12. Bxg7 Nxf2 13. Rxf2 Kxg7 14. c3 Rb8 15. Rd2 Qb6 16. b4 cxb4+ 17. Kh1 bxc3 18. Rc2 Nd4 19. Rxc3 Nxf3 20. Bxf3 Rfc8 21. Rac1 Rxc3 22. Rxc3 Rc8 23. Rxc8 Bxc8 24. Qa1+ Kg8 25. Kg2 Bd7 26. d4 Bc6 0-1

[Event "RN-2019-0-01575"]
[Site "LSS email"]
[Date "2019.11.05"]
[Round "?"]
[White "Plummer, Martin"]
[Black "Lombardi, Donato"]
[Result "1-0"]
[WhiteElo "1145"]
[BlackElo "839"]
[PlyCount "65"]
[EventDate "2019.10.17"]
[EventType "tourn (corr)"]
[EventRounds "6"]
[EventCountry "GER"]
[SourceTitle "Corr 2022"]
[Source "ChessBase"]
[SourceDate "2021.10.24"]
[SourceVersion "1"]
[SourceVersionDate "2021.10.24"]
[SourceQuality "1"]

1. e4 e6 2. Nf3 d5 3. e5 c5 4. c3 Nc6 5. d4 cxd4 6. cxd4 Qb6 7. Nc3 Bd7 8. g3 Nge7 9. g4 h5 10. g5 Nf5 11. Na4 Qc7 12. Be3 Bb4+ 13. Nc3 Nxe3 14. fxe3 Qa5 15. Qd2 Rc8 16. a3 Bxc3 17. bxc3 Ne7 18. Bd3 Qxc3 19. Qxc3 Rxc3 20. Kd2 Rc7 21. Rhc1 Nc6 22. h4 0-0 23. Rab1 Rfc8 24. g6 f6 25. exf6 gxf6 26. Rg1 e5 27. dxe5 Nxe5 28. Nxe5 fxe5 29. e4 d4 30. Rg5 Bg4 31. Rxe5 Kg7 32. Rd5 Rd7 33. Rxd7+ 1-0